| 000 | 00462nam a2200109Ia 4500 | ||
|---|---|---|---|
| 008 | 160909s9999 xx 000 0 und d | ||
| 100 | _aZmyslinski-Seelig, Anne Nicole | ||
| 245 | _a"To each their own": Comparing satisfaction, money management, and financial communication across couple types | ||
| 260 |
_bThe University of Wisconsin - Milwaukee. _c2016 |
||
| 650 | _aHUMAN RESOURCE MANAGEMENT | ||
| 856 | _uhttp://pqdtopen.proquest.com/doc/1795570243.html?FMT=ABS | ||
| 999 |
_c304749 _d304749 |
||